Guess the Football stadium - Statistics

General Stats
  • This quiz has been taken 439 times
  • The average score is 5 of 14
Answer Stats
Picture Answer % Correct
Old Trafford
88%
Allianz Arena
84%
Anfield
75%
Camp Nou
74%
Parc des Princes
43%
Stadio Diego Armanda Maradona
31%
Emirates Stadium
29%
Wanda Metropolitano Stadium
16%
Stade de France
12%
Johan Cruyff Arena
10%
Cape Town stadium
4%
Volksparkstadion
3%
Signal Iduna Park - BVB
1%
Veltnis Arena - Schalke04
1%
No matching quizzes found
Score Distribution
Percent of People with Each Score
Percentile by Number Answered
Your Score History
You have not taken this quiz